Tilastot visalle Sanat: "Fantasiaa" - Ami Aspelund

Klikkaa tästä pelataksesi tätä visaa!

Yleistilastot

  • Tätä visaa on pelattu 13 kertaa
  • Keskiarvotulos 100 / 162

Vastaustilastot

HintVastaus% Oikein
fantasiaa
100%
on
100%
KertosäeTää
100%
vai
100%
Ja
91%
ja
91%
91%
vain
91%
En
82%
Hän
82%
hän
82%
1.Kuka
82%
onko
82%
koiraa
73%
minä
73%
mitä
73%
alku
64%
ihastuksen
64%
juttu
64%
kadehtien
64%
katson
64%
mahtaa
64%
mihin
64%
mulle
64%
nää
64%
onneton
64%
silittää
64%
yksin
64%
kävelyttää
55%
kieltä
55%
kun
55%
minne
55%
pelkkää
55%
puhua
55%
sain
55%
Aika
45%
jäädä
45%
Mikä
45%
naisen
45%
niin
45%
päiväunta
45%
Puisto
45%
rakastuneen
45%
vihdoin
45%
äänetön
36%
autoon
36%
häviää
36%
hiljalleen
36%
Huomannut
36%
huomannut
36%
Huominen
36%
jälleen
36%
Kaikki
36%
kosket
36%
kulki
36%
kuvitelmaa
36%
lähestyvän
36%
Mua
36%
mustaan
36%
nään
36%
nousee
36%
ois
36%
pelkkää
36%
ristinsielua
36%
taas
36%
toivoisin
36%
Kertosäeeilisen
27%
että
27%
kuivui
27%
päiväkaudet
27%
posket
27%
toivon
27%
Jarruvalot
18%
kaiku
18%
ruostui
18%

Tulosjakauma

Persentiili vastausten määrän mukaan

Jokaisen tuloksen saaneiden osuus

Tuloshistoriasi

Et ole pelannut tätä visaa